Comportement d'achat de consommateurs dans les magasins de la chaîne NAY Elektrodom diplomová práca
Guardado en:
| Autor principal: | |
|---|---|
| Autor Corporativo: | |
| Otros Autores: | |
| Formato: | Libro |
| Lenguaje: | francés |
| Publicado: |
Bratislava
2016
|
| Etiquetas: |
Sin Etiquetas, Sea el primero en etiquetar este registro!
|
MARC
| LEADER | 00000nbm a2200000 4500 | ||
|---|---|---|---|
| 001 | 0227844 | ||
| 005 | 20170320101358.7 | ||
| 041 | 0 | |a fre | |
| 044 | |a SK | ||
| 245 | 1 | 0 | |a Comportement d'achat de consommateurs dans les magasins de la chaîne NAY Elektrodom |b diplomová práca |c František Babuška ; školiteľ: Pavol Kita |
| 264 | 1 | |a Bratislava |c 2016 | |
| 300 | |a 87 s. | ||
| 100 | 1 | |a Babuška, František | |
| 700 | 1 | |a Kita, Pavol | |
| 710 | 2 | |a Ekonomická univerzita v Bratislave. Ústav medzinárodných vzťahov - zrušené | |